000 00494nam a2200193Ia 4500
003 GCL
008 140319s9999 xx 000 0 ara d
040 _aGCL /
_cGCL
082 0 4 _a813.03
_bا ش
100 1 _aافنان القاسم
245 1 0 _aالشوارع (رواية) /
_cافنان القاسم
300 _a224 ص
490 _a
650 0 4 _aالادب العربى
650 0 4 _aالقصص العربية
650 0 4 _aالادب
650 0 4 _aالقصص
942 _2ddc
_cBK
999 _c38159
_d38159